[Event "Sigeman & Co 13th"]
[Site "Malmo/Copenhagen"]
[Date "2005.04.21"]
[Round "6"]
[White "Iordachescu, Viorel"]
[Black "Timman, Jan H"]
[Result "0-1"]
[WhiteElo "2609"]
[BlackElo "2607"]
[Annotator "Erenburg,S"]
[PlyCount "72"]
[EventDate "2005.04.15"]
[EventType "tourn"]
[EventRounds "9"]
[EventCountry "SWE"]
[EventCategory "13"]
[SourceTitle "CBM 107"]
[Source "ChessBase"]
[SourceDate "2005.08.01"]
[SourceVersion "1"]
[SourceVersionDate "2005.08.01"]
[SourceQuality "1"]

1. e4 d6 2. d4 Nf6 3. Bd3 e5 4. c3 {White keeps his centre stabile. This is a
main theoretical line. Other ones are:} (4. dxe5 $6 {After this move it will
be very difficult forwhite to fight for an advantage.} dxe5 5. Nf3 Bd6 $11 {
---> 0-1 Vajda,A-Iordachescu,V/Bucharest 2003/CBM 94/[Erenburg] (36)}) (4. Nf3
{---> 1/2-1/2 Lautier,J-Kramnik,V/Biel 1993/CBM 37/[Kramnik] (41)}) 4... d5 {
Black immediately attacks White's centre. Other possibilites are:} (4... Nbd7
5. Nf3 g6 6. O-O Bg7 {---> 1-0 Areshchenko,A-Lahno,K/Kramatorsk 2003/CBM 97_01/
[Erenburg] (49)}) (4... Nc6 5. Nf3 g6 6. O-O Bg7 {---> 1-0 Ionov,S-Himdan,M/
Abu Dhabi 2003/CBM 97_01/[Erenburg] (29)}) 5. dxe5 Nxe4 6. Nf3 ({Black gets a
strong initiative in case of} 6. Bxe4 $6 dxe4 7. Qa4+ Bd7 8. Qxe4 Bc6 9. Qg4 h5
10. Qh3 Qd7 $1 $36) 6... Nc6 (6... Nc5 {---> 1-0 Fedorov,A-David,A/Leon 2001/
CBM 86/[Gofshtein,L] (30)}) 7. Nbd2 {driving away the black knight from a
central position. White tried also:} (7. Qe2 Nc5 8. Bc2 Bg4 {---> 0-1 Bastian,
H-Lobron,E/Altenkirchen 2001/CBM 87/[Gofshtein,L] (30)}) (7. O-O Bg4 8. Bf4 Nc5
{---> 1/2-1/2 Radziewicz,I-Mainka,R/Koszalin 1999/CBM 73/[Oratovsky,M] (46)})
7... Nc5 8. Bb1 {White's main idea of this continuation is to transfer the
white queen either to b3 or to a4 after driving away the black knight from c5
with b2-b4. The alternatives are:} (8. Bc2 Bg4 {---> 0-1 Yegiazarian,A-Marin,M/
Bucharest 1998/CBM 64/[Marin,M] (49)}) (8. Bb5 Bd7 9. Qe2 Ne6 $6 10. Nb3 Be7
11. Be3 a6 12. Bd3 Ng5 13. Nxg5 Bxg5 14. f4 Bh4+ 15. g3 Be7 16. O-O-O $16 {
---> 1/2-1/2 Fedorov,A-Gubanov,A/St Petersburg 1994/CBM 43 ext/[Svidler] (64)})
8... Bg4 ({Worse is} 8... g6 $2 9. O-O Bg7 10. Nb3 $1 Nxb3 11. Bg5 $1 Qd7 12.
axb3 O-O 13. Re1 $14 {1-0 Smagin,S-Ivanov,V/Moscow 1995/CBM 46/[Hansen,Cu] (34)
}) 9. O-O Be7 (9... Qd7 $146 10. Re1 $6 {I think, White should have prefered
immediate} (10. b4 $5 Ne6 11. h3 Bh5 12. Re1 O-O-O 13. Nb3 $14) 10... O-O-O 11.
h3 Bh5 12. b4 d4 $1 {---> 1-0 Predojevic,B-Dearing,E/Mallorca 2004/CBM 104_01/
[Erenburg] (25)}) ({The immediate} 9... d4 {looks dubious, as black's monarch
is still in the centre:} 10. Qe2 dxc3 11. bxc3 Qd5 12. h3 Bh5 13. Ne4 O-O-O 14.
Nxc5 Bxc5 15. Be4 Qxe5 16. Qc4 Bxf3 17. Bxf3 Bd6 18. g3 Qc5 19. Qa4 Ne5 20. Bg2
c6 21. Rb1 $40 {1-0 Handke,F-Lorscheid,G/Bundesliga 2004 (29)}) 10. b4 (10. h3
$6 {loses the tempo. Anyway, Black will need to move away the light-squared
bishop from the fourth rank.} Bh5 11. Re1 d4 12. Qe2 Qd5 13. a3 dxc3 14. bxc3
Bg6 15. c4 Qd7 16. Ne4 O-O-O 17. Bg5 Ne6 18. Be3 Bh5 19. g4 Bg6 $15 {0-1
Smagin,S-Azmaiparashvili,Z/Cap d'Agde 1996/CBM 055 ext (42)}) 10... Ne6 (10...
Nd7 11. Qa4 Nb6 12. Qc2 Qd7 13. a4 Qe6 14. Re1 a6 15. Ba2 Qg6 16. Qxg6 hxg6 17.
a5 Na4 18. Re3 $14 {1-0 Smagin,S-Fridman,D/Germany 2001/CBM 88 ext (62)}) 11.
Qa4 {[%cal Gb4b5,Ya4g4,Gb5c6] threatening with b4-b5.} Bh5 (11... d4 {is too
risky:} 12. h3 (12. Be4 $5) 12... Bh5 13. Bb2 d3 14. Qb5 Qd7 15. Qxb7 Rb8 16.
Qa6 $16 {1/2-1/2 Smagin,S-Cuijpers,F/Germany 2000/CBM 082 ext (45)}) 12. b5 Nc5
$146 {According to my database, this position appeared for the first time. In
the preceding game Black continued} (12... Nb8 13. Nd4 Nd7 14. f4 $14 {--->
1-0 Fedorov,A-Khalifman,A/Maikop 1998/CBM 66/[Yudasin,L] (34)}) 13. Qf4 Ne6 14.
Qg3 (14. Qa4 Nc5 $11) 14... Na5 15. Nd4 $1 {[%cal Yf2f4,Yf4f5] moving away the
knight from the f-file.} Nxd4 ({Only not} 15... O-O $2 16. Qh3 {[%cal Yh3h5,
Gd4e6,Yh3e6]} Nxd4 17. Bxh7+ Kxh7 18. Qxh5+ Kg8 19. cxd4 $16) 16. cxd4 (16.
Qxg7 $4 {is refuted by} Ne2+ 17. Kh1 Rf8 $19) 16... Qd7 17. a4 ({Now it was
quite dangerous to capture the g-pawn, as it would open the g-file for Black's
heavy pieces.} 17. Qxg7 O-O-O $44 {[%cal Yd8g8]}) 17... O-O ({In case of} 17...
O-O-O $6 18. Qc3 b6 19. Ba3 $16 {[%cal Yf1c1] White gets an obvious advantage.}
) 18. f4 f5 $8 {preventing white's f4-f5.} 19. Qh3 Bg6 20. Qc3 {intending to
press along the c-file.} b6 21. Ba3 Rac8 {Black prepares counterplay on the
queenside by carrying out the breakthrough c7-c5.} 22. Bxe7 Qxe7 23. Ba2 ({
Worth consideration:} 23. Nb3 Nc4 24. Bd3 c6 25. Bxc4 dxc4 26. Qxc4+ Bf7 27.
Qd3 cxb5 {[%cal Yf7c4]} 28. d5 Qd7 29. axb5 Bxd5 30. Rfd1 Rcd8 $13) 23... Bf7 {
Now black gets a possibility to improve the location of his light-squared
bishop.} 24. Rfc1 Be6 25. Nf1 {bringing the knight to e3.} (25. Nb3 Nc4 26. Nd2
$11) 25... c5 26. Ne3 (26. bxc6 Rxc6 27. Qf3 Rfc8 $11) 26... Rfd8 $11 27. dxc5
$2 {[%mdl 16384] Probably, white forgot, that black can take with the queen,
receiving control over the c-file.} ({Better is} 27. Qd2 $11) 27... Qxc5 $1 {
[%csl Gc5][%cal Yc8c1,Yc5g1,Ga5c4]} ({In case of} 27... Rxc5 $2 28. Qd3 $14 {
white's chances are better.}) 28. Qe1 {Other moves don't equalize the game:} (
28. Qxc5 bxc5 29. g4 g6 $15) (28. Qd3 Nc4 29. Rc3 Nxe5 $1 30. Rxc5 Nxd3 31.
Rxc8 Rxc8 32. Bxd5 Bxd5 33. Nxd5 Rc5 $15) 28... Nc4 29. Rc3 ({If white takes
on c4, black gets the open d-file.} 29. Bxc4 dxc4 $15 {[%cal Yd8d3]}) 29... Qd4
$1 {attacking White's pawn on f4 .} 30. Bxc4 ({White loses after} 30. g3 Nxe5
31. Rxc8 Rxc8 32. fxe5 Rc3 33. Rd1 Rxe3 34. Rxd4 Rxe1+ $19) 30... dxc4 31. g3 {
White had to weaken the light squares, otherwise, he would lose the f4 pawn.}
Qe4 $15 {Black's position is better, thanks to the weaknesses of the light
squares in white's camp, as well as thanks to the open d-file.} 32. Rd1 h6 $6 {
preparing g7-g5.} ({I think, Black should have continued with more aggressive} 
32... g5 $5 33. fxg5 Rxd1 34. Qxd1 Qxe5 35. Qd2 f4 $15) 33. Kf2 g5 34. fxg5 $2
{Probably played in time trouble. Now white's e5 pawn is very weak.} ({Much
better was} 34. Ng2 Kf7 (34... Rxd1 35. Qxd1 Bd5 $2 36. Ne3 $16 {[%cal Yd1h5]})
35. Qxe4 (35. Qe2 $5) 35... fxe4 36. Rxd8 (36. Rd6 Ke7) 36... Rxd8 37. Ke3 Rd3+
38. Rxd3 cxd3 {[%cal Ye6b3]} 39. Kd2 Bb3 40. Ne3 Bxa4 41. Nf5 {[%cal Yf5d6]}
Ke6 42. Nd6 $11) 34... hxg5 35. Rxd8+ Rxd8 36. Nxc4 $4 {blundering a knight.} (
{More resistant was} 36. Nc2 Qg4 {[%cal Yg4h3]} 37. Qe3 Kf7 $17 {[%cal Yf5f4] ,
but, the position favours black anyway.}) 36... Qxe1+ (36... Qxe1+ 37. Kxe1 Rc8
$19) 0-1

[Event "UKR-ch 73rd"]
[Site "Kharkov"]
[Date "2004.08.29"]
[Round "3.2"]
[White "Moiseenko, Alexander"]
[Black "Areshchenko, Alexander"]
[Result "1-0"]
[WhiteElo "2640"]
[BlackElo "2575"]
[Annotator "Erenburg,S"]
[PlyCount "77"]
[EventDate "2004.08.03"]
[EventType "k.o."]
[EventRounds "5"]
[EventCountry "UKR"]
[SourceTitle "CBM 103"]
[Source "ChessBase"]
[SourceDate "2004.11.11"]
[SourceVersion "1"]
[SourceVersionDate "2004.11.11"]
[SourceQuality "1"]

1. d4 d6 2. e4 Nf6 3. Nc3 g6 4. Be3 c6 5. Qd2 b5 {In this variation black
doesn't hurry to define the position of dark-squared bishop. Sometimes, black
doesn't play Bg7, but develops the bishop on diagonal f8-b4 after e7-e5. Black
tried also quite unlogical} (5... Qb6 $6 6. O-O-O {See 1-0 Topalovic,Z-Kozakov,
M/Varazdin 2003/CBM 99/[Erenburg] (36)}) 6. Bd3 Nbd7 7. Nf3 e5 8. dxe5 dxe5 9.
O-O (9. h3 {[%csl Rg4][%cal Gf6g4] 1/2-1/2 Kozakov,M-Kuzmin,G/Halkidiki 2002/
CBM 92/[Erenburg] (32)}) 9... Be7 {threatening with elimination of white's
dark-squared bishop by Ng4.} 10. h3 {covering the g4 square,} O-O 11. a4 {
Typical idea. White tries to create weaknesses on the black's queenside.} b4
12. Ne2 $146 {This logical move is novelty. In the preceding game white
continued} (12. Na2 {1-0 Muse,M-Hickl,J/Bad Neuenahr 1991/CBM 24/[Stohl] (42)})
12... Qa5 $6 {Quite strange decision to locate the queen on a5, that can be
attacked there by the white knight from b3. Maybe black forgot, that white
knight has alternative to transfer to g3...} (12... Qc7 13. c3 a5 14. cxb4 axb4
15. Qc2 $14) (12... Nc5 $2 13. Nxe5) 13. Nc1 $1 {emphasizing the defect of
black's previous move.} Rd8 (13... Nc5 14. Nb3 Nxb3 15. cxb3 $14) 14. Nb3 Qc7
15. c3 $1 {opening the "c" file for the heavy pieces.} Rb8 16. Qc2 {protecting
the b3 knight, and, at the same time, intending to press along the "c" file.}
bxc3 17. Qxc3 Rb4 {attacking the e4 pawn, as well as preparing to build the
battery of heavy pieces along the "b" file.} 18. Nfd2 {protecting the e4 pawn
and strengthening the b3 knight.} Nh5 {activating the knight.} 19. Rfc1 $14 {
White's chances are better, thanks to superior pawn structure and better
located pieces.} Nf4 20. Bf1 ({Of course not} 20. Bxf4 $1 exf4 {[%cal Yd7e5]
and black gets excelent square e5 for the knight.}) 20... Ne6 $6 {Black's
position is worse, but it doesn't mean, that sacrificing the pawn is the only
chance... Black could choose passive defence, maintaining the material balance.
} (20... Nf6 21. f3 $1 (21. Qxc6 Qxc6 22. Rxc6 Nxe4) 21... Ne6 22. Qxc6 Qxc6
23. Rxc6 Nd4 24. Bxd4 exd4 25. Rc7 $16) (20... Nb8 21. Nc5 $16) ({Probably,
the best move was} 20... Bb7 21. a5 (21. Bxa7 Ra8 $14) 21... Ba8 $14 {black
succeeds to maintain the balance, but of course, his pieces are very passive,
so white has quite obvious advantage anyway.}) 21. Qxc6 $16 Qb8 (21... Qxc6 22.
Rxc6 Nd4 23. Bxd4 exd4 24. Rc7 $16) 22. Qc3 Nb6 23. Na5 $1 {Very strong move.
White threatens with Nc6, and prepares b2-b3.} ({After} 23. a5 Na4 24. Qc2 Nac5
$14 {black keeps some chances.}) 23... Bd7 (23... Nd4 24. Qc7 $16) 24. b3 Rc8 (
24... Nd4 25. Qc7 $16) 25. Nac4 Nxc4 26. Bxc4 Bf6 27. Nf3 {White is a pawn up
without any black's counterplay, so with careful play white will win this game.
} a5 ({Probably, after} 27... Bxa4 {black had more chances to survive:} 28.
bxa4 (28. Rxa4 Rcxc4) 28... Rbxc4 29. Qxc4 Rxc4 30. Rxc4 $16) 28. Qe1 $1 {
threatening with Bd2.} Nf4 (28... Nd4 29. Nxd4 exd4 30. Bd2 $18) 29. Bxf4 $1 {
Stronger than} (29. Bd2 Rb7 30. Bxa5 Be6 $18 {Of course, white's position is
winning, but black still has some hope...}) 29... exf4 30. e5 Bg7 {[%tqu "En",
"Please find the best move for white.","","","c4f7","",10]} 31. Bxf7+ $1 Kxf7 {
[%tqu "En","White sacrificed the bishop. What now?","","","e5e6","",10]} 32.
e6+ $1 Kf8 (32... Bxe6 33. Ng5+ $18) 33. exd7 $18 {White is two pawns up, and
black's king is vulnerable, so the rest is an easy job for white.} Rd8 34. Ra2
(34. Ng5 $1 {won immediately.} Rxd7 35. Qe6 $18) 34... Rxd7 35. Rac2 Qe8 ({
Doesn't change anything:} 35... Rd8 36. Ng5 Re8 37. Re2 $18) 36. Rc8 Rd8 37.
Rxd8 Qxd8 38. Ng5 $1 Qd7 (38... Qxg5 39. Rc8+ Kf7 40. Qe8+ Kf6 41. Rc6+ Kf5 42.
Qe6#) 39. Rc7 $1 (39. Rc7 Qxc7 40. Ne6+ $18) 1-0

[Event "FRA-chT Top 16 GpB"]
[Site "Port Barcares"]
[Date "2005.05.04"]
[Round "8"]
[White "Lautier, Joel"]
[Black "Degraeve, Jean Marc"]
[Result "1-0"]
[WhiteElo "2678"]
[BlackElo "2557"]
[Annotator "Erenburg,S"]
[PlyCount "57"]
[EventDate "2005.05.04"]
[EventType "team"]
[EventRounds "11"]
[EventCountry "FRA"]
[SourceTitle "CBM 107"]
[Source "ChessBase"]
[SourceDate "2005.08.01"]
[SourceVersion "1"]
[SourceVersionDate "2005.08.01"]
[SourceQuality "1"]

{[%mdl 128]} 1. d4 d6 2. e4 Nf6 3. f3 e5 4. d5 Be7 5. Be3 Nh5 {The trade of
dark-squared bishops is black's main idea in this variation. White has
occupied more space, locating his pawns on the light squares. So his
dark-squared bishop becomes very important.} (5... O-O {---> CBM 56-3.f3 e5 4.
d5 Be7 5.Be3/Opening 1996/CBM 56/[Stohl] (8)}) (5... Nfd7 {[%cal Yd7f8,Yf8g6,
Re7g5,Rg5e3] ---> 1/2-1/2 Miroshnichenko,E-Komliakov,V/Kramatorsk 2001/CBM 86/
[Gofshtein,L] (43)}) 6. c4 {Other possibilities are:} (6. Ne2 $6 Bg5 7. Bf2 g6
8. h4 Bh6 {---> 0-1 Hillarp Persson,T-Azmaiparashvili,Z/Benidorm 2003/CBM 99/
[Erenburg] (23)}) (6. Qd2 {See the commented game 1-0 Sutovsky,E-Mitkov,N/
Terme Zrece 2003/CBM 97_01/[Erenburg] (28)}) 6... Bg5 (6... a5 7. Nc3 Na6 8. g3
g6 9. Qd2 f5 10. exf5 gxf5 11. f4 $14 {1-0 Dreev,A-Illescas Cordoba,M/
Montpellier 2002/CBM 86 ext (30)}) 7. Bf2 g6 {Preparing f7-f5. It is important
to have the pawn on g6, so that Black will be able to take on f5 with the pawn.
In this way,Bblack will not allow White to occupy a stronghold on e4.} ({
Black tried also} 7... O-O 8. h4 Be7 9. Nc3 Nd7 10. Nge2 c6 11. Qd2 Nb6 12. g4
Nf6 13. Ng3 Ne8 14. Nf5 Bxf5 15. exf5 cxd5 16. cxd5 Rc8 17. b3 Rxc3 18. Qxc3
Nxd5 19. Qd2 Nf4 20. O-O-O d5 21. Be3 Nf6 22. Bxf4 exf4 23. g5 Bc5 24. Kb1 Be3
25. Qb4 Nh5 26. Bc4 d4 27. Qxb7 $16 {Bykhovsky,Av-Kanstler,B/Beersheba/1996/})
8. Nc3 (8. g4 Nf4 9. h4 Be7 10. Ne2 h5 11. g5 f6 12. gxf6 Bxf6 13. Qd2 Nd7 14.
Nbc3 g5 15. Nxf4 exf4 16. hxg5 Ne5 17. Be2 Bxg5 18. c5 Bd7 19. O-O-O $14 {
---> 1/2-1/2 McShane,L-Azmaiparashvili,Z/Rethymnon 2003/CBM 098/[McShane] (66)}
) 8... O-O {Black has tried the following continuations as well:} (8... f5 9.
g3 Bh6 10. Bd3 O-O 11. Nge2 Nd7 12. Rg1 Kh8 13. h4 Nc5 14. exf5 Nxd3+ 15. Qxd3
gxf5 16. f4 Nf6 17. O-O-O Ng4 $132 {1/2-1/2 Eriksson,J-McNab,C/Klaksvik 2003/
EXT 2004 (28)}) (8... c5 9. g3 O-O 10. Be2 Bh6 11. f4 exf4 12. Bxh5 gxh5 13.
Qxh5 Qg5 14. Qxg5+ Bxg5 15. Nf3 Bh6 16. gxf4 Na6 (16... Bxf4 17. Rg1+ Kh8 18.
Ne2 Bh6 19. Bg3 $18) 17. f5 $18 {1-0 Sakaev,K-Popchev,M/Belgrade 1996/EXT 99 
(23)}) 9. g3 {[%csl Gg3][%cal Yg3f4] covering the f4 square.} Bh6 (9... a5 10.
Be2 Na6 11. f4 exf4 12. Bxh5 gxh5 13. Qxh5 f5 14. gxf4 Bf6 15. e5 dxe5 16. Nf3
exf4 17. Rg1+ Kh8 18. O-O-O Qe8 19. Qh6 Nb4 20. Nh4 {1-0 Psakhis,L-Vanheste,J/
Ostende 1992/TD (20)}) 10. Nge2 $5 $146 {In the previous game White prefered} (
10. g4 Nf4 11. h4 f5 12. exf5 gxf5 13. g5 Bg7 14. Nge2 Nh5 15. Qd2 Nd7 16.
O-O-O a5 17. Ng3 Nxg3 18. Bxg3 Nc5 19. Bf2 a4 20. Bxc5 dxc5 21. a3 Ra6 22. Bd3
Bd7 23. Rdg1 Qe8 24. h5 $14 {1-0 Kaspi,A-Oratovsky,M/Netanya 1993/EXT 98 (41)})
10... f5 11. exf5 gxf5 12. Bh3 $1 {From this position White's bishop can press
Black's f5 pawn.} Nd7 13. Qc2 {[%cal Yh3f5,Yc2f5]} Nb6 14. b3 {White has space
advantage, and now he will complete his development. Black has no other plan,
except of attacking White's centre:} c6 15. a4 $1 {emphasizing a background in
location of black's queenside knight.} a5 (15... cxd5 {favours white:} 16. a5
d4 17. axb6 dxc3 18. bxa7 Bd2+ 19. Kf1 $16 {[%cal Ye2c3]}) 16. dxc6 $1 {
opening the d-file for the rook.} bxc6 17. Rd1 {Threatening with the capture
on b6, as well as with the strike c4-c5 .} Rf6 $2 ({In my opinion, black
should have sacrificed the pawn:} 17... Qc7 $1 18. c5 ({If white wins the
d-pawn, Black has some compensation, due to the vulnerable position of the
White monarch:} 18. Bxb6 Qxb6 19. Rxd6 Bg5 $1 (19... Be3 20. Nd5 $18) (19...
Bg7 20. Nd5 {[%cal Yd6c6]} Qb7 21. Rxc6 $18) 20. f4 exf4 21. Bg2 Bb7 $13) 18...
dxc5 19. Bxc5 Rf6 20. O-O $14 {White's position is slightly better, thanks to
a superior pawn structure.}) 18. c5 Nd5 {Otherwise, the pawn f5 will be lost
as well:} (18... Nd7 19. Bxf5 $18) 19. Nxd5 cxd5 20. Rxd5 Bb7 21. Nc3 $1 {
[%mdl 32] A great positional exchange sacrifice ! Black's position without the
light-squared bishops will become hopeless.} ({Less clear is} 21. Rxd6 Rxd6 22.
cxd6 Bxf3 23. O-O Qxd6 24. Bxf5 Nf6 25. Rd1 $16) 21... Ng7 {protecting the
f5-pawn.} (21... Bxd5 22. Nxd5 Rf7 23. c6 $16 {/+-}) 22. O-O Rc8 (22... Bxd5
23. Nxd5 Rf7 24. c6 (24. Nb6 $5 Rb8 25. Rd1 $16) 24... Rc8 25. Bb6 Qg5 26. Qc4
$16 {/+-}) 23. Rfd1 (23. Rd3 $16 {comes to consideration.}) 23... Bxd5 24. Nxd5
Rf7 ({Black's position is losing after} 24... dxc5 {as well:} 25. Nxf6+ Qxf6
26. Rd5 $18) 25. c6 {White's domination is absolute. Black is an exchange up,
but none of his pieces is active...} Qe8 26. c7 $18 {Now White wins with the
simple transfer of the light-squared bishop to a6 via f1.} Kh8 27. Bb6 Qf8 (
27... Rf8 28. Bf1 Qe6 29. Ba6 Rce8 30. Bxa5 $18) 28. Bf1 Ne6 29. Ba6 {White's
material advantage is too big, therefore, Black resigned.} 1-0